00651 2200229 4500001002100000005001700021008004100038020002200079035002400101040001200125082001400137090002400151100002000175245007400195250001000269260003400279300002500313504001900338650002800357850001200385990002400397YOGYA-0112000000002920120103175313.0 ind  a978-979-1149-02-0 0010-011200000000029 aYOPDYOG a297.77083 aDEP 297.77083 Fuh R aFUHAIM MUSTHAFA aRahasia Rasul mendidik anakcFuhaim Musthafa ; editor, Muhammad Fahmi aCet.1 aYogyakartabGusdi Mediac2008 a219 hlmbilusc24 cm ahlm. : 217-219 aIslam - pendidikan anak aYOPDYOG aCB.D.11 - 2008-2023